000 00569nam a22002057a 4500
005 20260121125133.0
010 _aENG-147598
020 _a9789357319874
_c399.00
035 _aEN-131130
037 _bDBAD
082 _aS
_21
100 _aSharma, Kanika
_986728
245 _aCreepy Crawlies/
_cKanika Sharma
250 _a1
260 _aGurugram
_bHachette Book Publishing Pvt. Ltd.
_c2025
270 _a4th&5th Floors, Corporate Centre Plot No. 94, Sector 44,
_bGurugram
_e122003
300 _a128p.
_c20cm(pb)
760 _b1
942 _2ddc
_cEN
_hS
_mSHA
_e1
999 _c214387
_d214387